Library Banner

Introduction to information systems : (Record no. 140249)

MARC details
000 -LEADER
fixed length control field 00674nam a22002297a 4500
005 - DATE AND TIME OF LATEST TRANSACTION
control field 20260330120407.0
008 - FIXED-LENGTH DATA ELEMENTS--GENERAL INFORMATION
fixed length control field 260330b |||||||| |||| 00| 0 eng d
020 ## - INTERNATIONAL STANDARD BOOK NUMBER
International Standard Book Number 978119859932
040 ## - CATALOGING SOURCE
Transcribing agency PK-LaUMT
082 ## - DEWEY DECIMAL CLASSIFICATION NUMBER
Classification number 658.4038011
Item number RAI-I
100 1# - MAIN ENTRY--PERSONAL NAME
Personal name Rainer, R. Kelly
245 10 - TITLE STATEMENT
Title Introduction to information systems :
Remainder of title supporting and transforming business /
Statement of responsibility, etc by R. Kelly Rainer and Brad Prince
250 ## - EDITION STATEMENT
Edition statement 9th ed.
260 ## - PUBLICATION, DISTRIBUTION, ETC. (IMPRINT)
Place of publication, distribution, etc Hokoben :
Name of publisher, distributor, etc Wiley,
Date of publication, distribution, etc 2022
300 ## - PHYSICAL DESCRIPTION
Extent xiii, 578 p.
500 ## - GENERAL NOTE
General note Index present
500 ## - GENERAL NOTE
General note International adaptation
546 ## - LANGUAGE NOTE
Language note Eng
650 ## - SUBJECT ADDED ENTRY--TOPICAL TERM
Topical term or geographic name as entry element Information technology
650 ## - SUBJECT ADDED ENTRY--TOPICAL TERM
Topical term or geographic name as entry element Computer networks
942 ## - ADDED ENTRY ELEMENTS (KOHA)
Koha item type Books
Holdings
Withdrawn status Lost status Damaged status Home library Current library Date acquired Full call number Barcode Date last seen Price effective from Koha item type
      UMT Main Campus UMT Main Campus 2026-03-30 658.4038011 RAI-I 151939 2026-06-01 2026-03-30 Books